Logo BPK

Biblioteka

Politechniki Koszalińskiej

Tonfilm und Wirklichkeit : (Rekord nr 50690)

Szczegóły MARC
000 -ETYKIETA REKORDU
podpole kontrolne o stałej długości 00519nam a2200193 i 4500
001 - NUMER KONTROLNY REKORDU
pole kontrolne bgj
040 ## - ŹRÓDŁO KATALOGOWANIA
Instytucja, która utworzyła rekord BPK
041 0# - KOD JĘZYKA
Kod języka tekstu ger
044 ## - KOD KRAJU WYDAWCY/PRODUCENTA
Kod kraju wydawcy/producenta DEU
080 ## - UNIWERSALNA KLASYFIKACJA DZIESIĘTNA - UKD
UKD 7
008 - POLE O STAŁEJ DŁUGOŚCI - DANE KONTROLNE
podpole kontrolne o stałej długości s gw f |000 0 ger
100 1# - NAZWA OSOBOWA
Nazwa osobowa MEYERHOFF, Horst.
245 10 - TYTUŁ/ODPOWIEDZIALNOŚĆ
Tytuł Tonfilm und Wirklichkeit :
Ciąg dalszy tytułu Grundlagen zur Psychologie des Films /
Pozostałe elementy strefy tytułu i oznaczenia odpowiedzialności Horst Meyerhoff.
260 ## - STREFA ADRESU WYDAWNICZEGO
Miejsce wydania Berlin :
Nazwa wydawcy/dystrybutora Verlag Bruno Henschel und Sohn,
Data publikacji, dystrybucji/powstania dokumentu cop. 1949.
300 ## - STREFA OPISU FIZYCZNEGO
Objętość 96 s.
Inne cechy fizyczne il. ;
Rozmiary 22 cm.
504 ## - UWAGA DOTYCZĄCA BIBLIOGRAFII
Informacje o bibliografii Bibliogr. s. 96.
650 9# - HASŁO PRZEDMIOTOWE W FORMIE NAZWY OGÓLNEJ LUB JEDNOSTKOWEJ
Nazwa ogólna lub geograficzna Sztuka
856 ## - LOKALIZACJA I DOSTĘP DO ELEKTRONICZNYCH DOKUMENTÓW ZDALNYCH
Link (URL) http://koha.tu.koszalin.pl/cgi-bin/koha/opac-detail.pl?biblionumber=50690
Tekst linku Katalog online BPK
942 ## - DODATKOWE ELEMENTY (KOHA)
Typ dokumentu Książka
Egzemplarze
Wycofany Status egzemplarza Uszkodzony Dostępność Lokalizacja stała Lokalizacja bieżąca Miejsce przechowywania Sygnatura Kod kreskowy Typ dokumentu
      Dostępny Biblioteka Politechniki Koszalińskiej Biblioteka Politechniki Koszalińskiej Wypożyczalnia Językowa N 794 02438047 Książka
© 2023 Biblioteka Politechniki Koszalińskiej :: KOHA